| 000 | 01012nam a2200241Ia 4500 | ||
|---|---|---|---|
| 003 | Ost | ||
| 005 | 20260507075101.0 | ||
| 008 | 260507s9999||||xx |||||||||||||| ||und|| | ||
| 020 | _a9957240897 | ||
| 040 | _cfsecg | ||
| 041 | _aara | ||
| 082 | _a368 | ||
| 100 |
_aالمشاقبة علي _eمؤلف |
||
| 245 | 0 |
_aإدارة الشحن والتأمين / _c المشاقبة علي |
|
| 260 |
_aعمان: _bدار صفاء, _c2003 |
||
| 300 |
_a140 صفحة؛ _bإيضاحات ؛ _c24 سم |
||
| 504 | _aبيبليوغرافيا :ص.139 | ||
| 520 | _aالشحن،مراحل الشحن،التأمين،عقد التأمين ومدته،إعادة التأمين،المطالبات بالنواقص والأضرار | ||
| 653 | _aالتأمين | ||
| 653 | _aالشحن | ||
| 700 |
_aالعدوان، محمد _eمؤلف ثانوي |
||
| 942 | _cكتاب | ||
| 999 |
_c42796 _d42796 |
||